000 00745nmm a2200277 a 4500
003 AR-X00000XY
005 20251128211903.0
008 197020s2005 ||||||||||||||000 | spa||
020 _a950-05-1587-3
040 _cAR-X00000XY
100 1 _aPesce, Graciela
245 1 0 _aBulebú con soda
_b[tango para ofrecer a los chicos]
250 _a1ª ed.
260 _aBuenos Aires
_bCorregidor
_c2005
300 0 _a252 p.
_e1 cd-rom
500 0 _aSolicitar cd-rom en Mediateca
650 4 _aEDUCACION ARTISTICA
650 4 _aEDUCACION MUSICAL
650 4 _aACTIVIDADES DE LA CLASE
650 4 _aCANCIONES
650 4 _aRECURSOS DIDACTICOS
653 0 _aTANGO
700 1 _aYarmolinski, Daniel
942 _cBK
998 _cna-calidad
999 _c21479
_d21479